000 01070nam0a2200289 4500
001 RU\NLR\ONL1\2843
005 20250613113936.0
035 _a(NLR Aleph) 009631596
090 _a9497084
_c9497084
100 _a20040405d1924 |||y0rusy50 ca
101 0 _achm
102 _aRU
105 _ay |||||||||
200 1 _aУшкалын шöржö йылмэ мучаштыжэ
_e(Пайда лийшашлан вольыкым кузэ ончыман)
_fМарла йылмыш кусарэн Н. Чтамсыр
210 _aМ.
_cЦентральное Восточное изд-во
_d1924
215 _a29,[3] с.
_d17
225 1 _aКрэсаньыклан лукмо кнага
_vN 8
541 1 _aУ коровы молоко на языке
_zrus
606 0 _aКоровы
_xКормление
_91103020
_3RU\NLR\auth\66114933
686 1 _aП60-4
700 1 _aЗубрилин
_bА. А.
_4070
801 0 _aRU
_bNLR
_c20040405
_gPSBO
852 _aNLR
_bОНЛ
_jМар.л./2-1049
942 _cBOOK
980 _aNB